00471nam a2200193Ia 4500008004100000020001800041050001400059100002300073245001800096245002300114260001500137260001600152260000900168300001500177300002700192300001000219440004000229500000800269170918s9999 xx 000 0 und d a9780439412858 bH466 2002 aHeiligman, Deborah aEarthquakes / cDeborah Heiligman. aNew York : bScholastic, c2002 a48 pages : bcolored illustration ; c23cm. aScholastic science readers level 2. a760